00643nam a2200193Ia 4500008004100000020001400041041001200055082001600067100002000083245007300103250000800176260003900184300000900223650000800232700001600240942000700256999001500263952017100278221030s9999 xx 000 0 und d a817885909 aEnglish a105.23bBoy aR. L. Boylested 0aElectronic Devices & Circuit Theorycby R. L. Boylested, L Nashelsky a8th bPearson EducationaNew Delhic2004 a1020 aECE aL Nashelsky cBK c3653d3653 pBE 7318g395.00l0o105.23 Boyr2024-06-13 00:00:00w2022-10-30yBK003Print4070aMIETLIBbMIETLIBcBL-Academic Bock- A, FL-1, CUP-11, SH-4, R-4d2005-11-0910HBE